5-Star TV Teen Dramas Quiz Stats

Quiz Updated Jul 29, 2015

Challenge
Share
Tweet
Embed
Score 0/40 Timer 06:00
1 Play Today
% Correct
Buffy Summers
94.4%
Dawson Leery
89.9%
Veronica Mars
89.2%
Clark Kent
86.2%
Lex Luthor
84.3%
Joey Potter
74.5%
Pacey Witter
73.7%
Blair Waldorf
72.7%
Willow Rosenberg
72.7%
Lana Lang
70.1%
Xander Harris
69.5%
Bailey Salinger
65.3%
Charlie Salinger
64.9%
Claudia Salinger
64.5%
Serena van der Woodsen
64.4%
Marissa Cooper
63.3%
Julia Salinger
62.7%
Seth Cohen
61.4%
Summer Roberts
61.3%
Chuck Bass
59.7%
% Correct
Ryan Atwood
56.1%
Cordelia Chase
55.5%
Jen Lindley
50.5%
Angela Chase
49.7%
Dan Humphrey
48.9%
Nate Archibald
48.2%
Jordan Catalano
46.8%
Daniel 'Oz' Osbourne
45.8%
Jack McPhee
42.7%
Logan Echolls
41.7%
Duncan Kane
41.4%
Chloe Sullivan
40.7%
Rickie Vasquez
38.3%
Lilly Kane
37.1%
Rayanne Graff
35.1%
Brian Krakow
35.1%
Taylor Townsend
34.2%
Wallace Fennel
32.3%
Pete Ross
25.4%
Sarah Merrin
23.9%

You're not logged in!

Compare scores with friends on all Sporcle quizzes.
Sign Up with Email
OR
Log In

You Might Also Like...

Show Comments

Extras

Top Quizzes Today


Score Distribution

Your Account Isn't Verified!

In order to create a playlist on Sporcle, you need to verify the email address you used during registration. Go to your Sporcle Settings to finish the process.